000 00949nam a2200265Ia 4500
003 OSt
005 20220923211158.0
006 a|||||r|||| 00| 0
007 ta
008 220922b |||||||| |||| 00| 0 hin d
020 _a8188122165 (hbk)
_c300
024 _a279,873
037 _b20310, 22/02/2014, Prashant Book Distributors
_cTextual
040 _aARTS
_cARTS
_bhin
041 _2hin
_ahin
082 _aU8.498, 152P6
100 _aसांकृत्यायन, राहुल
_9159204
245 0 _aयात्रा के पन्ने
246 _aYātrā ke panne
260 _aनई दिल्ली
_b भारतीय प्रकाशन
_c2013
300 _a264पृ.
_ccm.
650 _aभारतीय-भूगोल
942 _hU8.498, 152P6
_cTEXL
_2CC
999 _c296399
_d296399